000 01445cam a2200241 4500
001 J125750
008 040406n2004 000 0 eng u
035 _a(Sirsi) u125750
041 _aeng
050 _a692.8
_c18
110 _aJoint Contracts Tribunal
_93664
245 _aJCT major project form sub-contract 2004 edition
260 _aLondon
_bRIBA Enterprises
_c2004
300 _a48p.
_c30cm.
350 _a35
520 _aReflects the format and approach of the "Major project form" (J122869) and anticipates that the sub-contractor will be similarly experienced in undertaking work on major projects and have the management and other resources necessary for the successful execution of this type of work. Contains: general obligations; information and design; time; control; valuation and payment; indemnities and insurance; assignment and third party rights; default and dispute resolution; and communications and definitions. Also includes a copy of the attestation, information relating to the sub-contract, relevant particulars of the main contract and the pricing document. Guidance note is available (J125821).
650 _aSUBCONTRACTS
650 _aJCT MAJOR PROJECT FORM (2003 EDITION)
650 _aBUILT ENVIRONMENT-BUILDING CONTRACT FORMS-STANDARD FORMS OF BUILDING CONTRACT-JOINT CONTRACTS TRIBNUAL CONTRACTS
650 _aMAJOR PROJECTS
690 _aBUILT ENVIRONMENT-BUILDING CONTRACT FORMS
942 _n0
999 _c103462
_d103462